[Event "Madrid-ch sf-A"]
[Site "Madrid"]
[Date "2015.03.17"]
[Round "5"]
[White "Corral Aragon, Juan Maria"]
[Black "Gil Sierra, Jacinto"]
[Result "1-0"]
[WhiteElo "1830"]
[BlackElo "1972"]
[PlyCount "87"]
[EventDate "2015.03.09"]
[EventType "swiss"]
[EventRounds "9"]
[EventCountry "ESP"]
[SourceTitle "CBM 165 Extra"]
[Source "ChessBase"]
[SourceDate "2015.04.21"]
[SourceVersion "1"]
[SourceVersionDate "2015.04.21"]
[SourceQuality "1"]

1. e4 c5 2. Nf3 Nc6 3. d4 cxd4 4. Nxd4 Nf6 5. Nc3 d6 6. Bb5 Bd7 7. 0-0 e5 8. Nf5 a6 9. Bxc6 Bxc6 10. Bg5 h6 11. Bxf6 Qxf6 12. Nd5 Bxd5 13. Qxd5 0-0-0 14. f4 Qe6 15. Ne3 Be7 16. f5 Qxd5 17. Nxd5 Bg5 18. Rf3 Kb8 19. Raf1 Rc8 20. c3 Rc4 21. Re1 b5 22. f6 g6 23. g3 h5 24. h4 Bh6 25. Rd3 Rd8 26. Red1 Rxe4 27. Nb4 Rxb4 28. cxb4 Kc7 29. Rc3+ Kd7 30. Ra3 Ra8 31. Rd5 Ke6 32. Rxb5 e4 33. Rba5 Bd2 34. Rxa6 Rc8 35. b5 Rc1+ 36. Kf2 Rc2 37. Rc6 Rxb2 38. Rb3 Rxa2 39. b6 Bc1+ 40. Ke1 Bd2+ 41. Kd1 e3 42. b7 Ra1+ 43. Ke2 Re1+ 44. Kd3 1-0

[Event "Madrid-ch sf-A"]
[Site "Madrid"]
[Date "2015.03.10"]
[Round "2"]
[White "Gil Sierra, Jacinto"]
[Black "Perez Cameselle, Francisco Jose"]
[Result "1-0"]
[WhiteElo "1972"]
[BlackElo "1862"]
[PlyCount "93"]
[EventDate "2015.03.09"]
[EventType "swiss"]
[EventRounds "9"]
[EventCountry "ESP"]
[SourceTitle "CBM 165 Extra"]
[Source "ChessBase"]
[SourceDate "2015.04.21"]
[SourceVersion "1"]
[SourceVersionDate "2015.04.21"]
[SourceQuality "1"]

1. e4 e6 2. d4 d5 3. Nc3 Nf6 4. Bg5 dxe4 5. Nxe4 Be7 6. Nxf6+ Bxf6 7. Bxf6 Qxf6 8. Nf3 0-0 9. Qd2 c5 10. 0-0-0 Rd8 11. Qc3 cxd4 12. Rxd4 Rxd4 13. Qxd4 Qxd4 14. Nxd4 e5 15. Nb5 Nc6 16. Bc4 Kf8 17. Rd1 Ke7 18. Nd6 f6 19. c3 Rb8 20. Be2 Be6 21. b3 b6 22. Bf3 Nd8 23. Kb2 Nf7 24. Nb5 a5 25. Na7 Nd8 26. c4 f5 27. Bd5 Bxd5 28. Rxd5 Ke6 29. Nb5 Nf7 30. Nc7+ Ke7 31. Rb5 Kd6 32. Nd5 e4 33. Kc3 Ne5 34. h3 Nd7 35. Kd4 g6 36. a3 Kc6 37. Nc3 Nc5 38. b4 axb4 39. axb4 Ne6+ 40. Ke3 Ra8 41. Re5 Kd6 42. Rd5+ Kc6 43. Nb5 Nc7 44. Rd6+ Kb7 45. Rd7 Rc8 46. Rxh7 Kc6 47. Na7+ 1-0

[Event "Madrid-ch sf-A"]
[Site "Madrid"]
[Date "2015.03.09"]
[Round "1"]
[White "Suarez Uriel, Adrian"]
[Black "Gil Sierra, Jacinto"]
[Result "1-0"]
[WhiteElo "2243"]
[BlackElo "1972"]
[PlyCount "39"]
[EventDate "2015.03.09"]
[EventType "swiss"]
[EventRounds "9"]
[EventCountry "ESP"]
[SourceTitle "CBM 165 Extra"]
[Source "ChessBase"]
[SourceDate "2015.04.21"]
[SourceVersion "1"]
[SourceVersionDate "2015.04.21"]
[SourceQuality "1"]

1. e4 c5 2. Ne2 Nc6 3. Nbc3 Nf6 4. d4 cxd4 5. Nxd4 d6 6. Bc4 e6 7. Be3 a6 8. Qe2 Be7 9. 0-0-0 Qc7 10. Bb3 b5 11. Rhe1 Bb7 12. f4 b4 13. Nd5 exd5 14. exd5 Na5 15. Ba4+ Kf8 16. Nf5 Bxd5 17. Bb6 Qxb6 18. Qxe7+ Kg8 19. Rxd5 Nc6 20. Rxd6 1-0